Normal view
MARC view
- Institute of Petroleum (Great Britain)
Entry Corporate Name
001 - CONTROL NUMBER
- control field: 44819
003 - CONTROL NUMBER IDENTIFIER
- control field: NUST
005 - DATE AND TIME OF LATEST TRANSACTION
- control field: 20210314133055.0
008 - FIXED-LENGTH DATA ELEMENTS
- fixed length control field: 210314|| aca||aabn | a|a d
040 ## - CATALOGING SOURCE
- Original cataloging agency: NUST
- Transcribing agency: NUST
110 ## - HEADING--CORPORATE NAME
- Corporate name or jurisdiction name as entry element: Institute of Petroleum (Great Britain)
670 ## - SOURCE DATA FOUND
- Source citation: Work cat.: (NUST): Institute of Petroleum (Great Britain), Modern petroleum technology., 1973.
